000
00318pab a2200145 454500
008
180718b1998 xxu||||| |||| 00| 0 eng d
100
_a
Bhambhri, C.P.
245
_a
Woes of gender politics
260
_c
1998
300
_a
p.13
362
_a
4 Aug
650
_a
Women
773
_a
Hindustan Times
909
_a
39518
999
_c
39518
_d
39518